| 000 | 00517nam a2200181Ia 4500 | ||
|---|---|---|---|
| 020 | _a4805305053 | ||
| 040 | _cPQA | ||
| 082 | _a952 CHA 1987 A102 Or. | ||
| 100 | 1 | _aReischauer, Haru Matsukata, | |
| 245 | 1 | 0 |
_aSamurai and silk : _ba Japanese and American heritage / |
| 260 |
_aTokyo : _bCharles E. Tuttle Co. ; _c1987, c1986 |
||
| 300 |
_aix, 371 p., [20] p. of plates : _bill., ports. ; _c19 cm |
||
| 500 | _aIncludes index | ||
| 650 | 0 | _aStatesmen | |
| 650 | 0 | _aBusinessmen | |
| 650 | 0 | _aJapanese | |
| 942 | _cEK | ||
| 999 |
_c13709 _d13709 |
||